Hướng dẫn kỹ thuật dịch Anh-Việt /

Gespeichert in:
Bibliographische Detailangaben
1. Verfasser: Nguyễn Quốc Hùng
Format: Buch
Sprache:English
Veröffentlicht: Hà Nội : KHXH, 2005.
Schlagworte:
Tags: Tag hinzufügen
Keine Tags, Fügen Sie den ersten Tag hinzu!
Thư viện lưu trữ: Mạng thư viện Đại học Đà Nẵng
LEADER 00981cam a22002891a 4500
001 000034546
003 10748
005 20220805113212.0
008 151027s2005 000 eng
020 |a 47000 
041 |a eng 
082 |a 428.02  |b NG-H 
100 |a Nguyễn Quốc Hùng 
245 0 |a Hướng dẫn kỹ thuật dịch Anh-Việt /  |c Nguyễn Quốc Hùng. 
260 |a Hà Nội :  |b KHXH,  |c 2005. 
300 |a 318tr. ; :  |b ill. :  |a 25,5cm. 
650 |a kỹ thuật dịch Anh-Việt  |a Anh-Việt 
OWN |a LNN 
AVA |a UDN50  |b LNN  |c English  |d 420.4 NG-H  |e check_holdings  |t Error 5003 Not defined in file expand_doc_bib_avail.  |h N  |j AN 
999 |a From the UDN01 
AVA |a UDN50  |b LNN  |c English  |d 420.4 NG-H  |e available  |t Error 5001 Not defined in file expand_doc_bib_avail.  |f 30  |g 2  |h N  |i 2  |j AN 
TYP |a Monograph 
TYP |a Printed language 
980 |a Mạng thư viện Đại học Đà Nẵng